Estadísticas para Quiz de Animales

Haz click aquí para intentar la prueba.

Estadísticas generales

  • Esta prueba ha sido intentada 565 veces
  • La puntuación promedio es 4 de 5

Estadísticas de respuestas

Respuesta% Correcto
Lobo
100%
Cocodrilo
99%
Mariquita
95%
Caballito de Mar
94%
Salamandra
60%

Distribución de puntuación

Porcentaje por número respondido

Porcentaje de gente con cada puntuación

Historial de tus puntuaciones

No has intentado esta prueba.